1711 1616 1945 1017 1296 1672 1850 1258 1183 1044 1482 1833 1604 1859 1449 1987 1026 1088 1785 1392 1942 1344 1407 1723 1589 1664 1080 1789 1168 1753 1335 1778 1342 1333 1972 1207 1789 1704 1153 1786 1194 1813 1946 1959 1248 1732 1451 1946 1376 1920 1003 1261 1677 1988 1392 1572 1223 1861 1985 1282 1530 1817 1524 1774 1040 1248 1819 1836 1474 1325 1597 1452 1281 1988 1131 1499 1284 1642 1078 1709 1108 1163 1466 1423 1823 1806 1645 1238 1570 1192 1496 1363 1007 1589 1421 1205 1255 1457 1368 BCNSPRNW ULIB Ver.6.0+V

เปลี่ยนเป็นภาษาไทย

Change to English
 แสดงรายละเอียดบรรณานุกรม
  กลับหน้าหลัก

Brief Record : Get Marc (ISO 2709) : E-mail record : QR code < ปิดหน้าต่าง
LEADER : 00000nam 2200000uu 4500
001    13399127207
003     ULIB
008    191021s2554||||th 000 0 tha d
020    ^a9786167122281
060  4 ^aWY152^bส117น
100 0  ^aสกล สิงหะ
245 10 ^aนิราศซิดนีย์=^bท่องไปในโลกการดูแลผู้ป่วยระยะสุดท้าย /^cสกล สิงหะ
250    ^aพิมพ์ครั้งแรก
260    ^aกรุงเทพฯ :^bศยาม^c2554
300    ^a359 หน้า
650  7 ^aผู้ป่วยระยะสุดท้าย^vการดูแล
650  7 ^aนิราศซิดนีย์
945    ^p250^l0^i006371
999    ^aประนอม เกษจรัล
รายการนี้ยังไม่มีแท็ก
คุณยังไม่ได้ล็อกอิน คุณสามารถมีกิจกรรมร่วมกับเว็บไซต์ได้ แต่ต้องล็อกอินก่อน ::
  ล็อกอิน

รายการสื่อสารสนเทศ

ลำดับที่ ประเภท เลขเรียก/บาร์โค้ด สถานที่ สถานะ
1. Book การพยาบาล
Book การพยาบาล
WY152 ส117น ฉ.1 
  Barcode: 006371
ห้องสมุดวิทยาเขตสวรรค์ประชารักษ์
►ส่วนจัดเก็บหนังสือเก่า สปร
บนชั้น
  ขอยืม

รายการใกล้เคียง
    ผู้แต่ง [สกล สิงหะ]

BibComment


ยังไม่เคยถูกคอมเมนท์

คอมเมนท์ทรัพยากรรายการนี้
  คอมเมนท์: นิราศซิดนีย์ ท่อ..


 Copyright 2026. Bcnsprnw @Library